Módulos para la capacitación

Guardado en:
書目詳細資料
主要作者: Zilbert Soto, Linda
企業作者: <La> Red
格式: Texto
出版: Quito: Delta
標簽: 添加標簽
沒有標簽, 成為第一個標記此記錄!

MARC

LEADER 00000 a a2200000 04500
001 23387
003
040
090 |a 162000  
100 |a Zilbert Soto, Linda  
110 |a <La> Red  
245 |a Módulos para la capacitación  
260 |a Quito:   |b Delta  
300 |a 23 p   |b **no definido**   |b il.   |b map.  
999 |c 8153  |d 8153